Nuclear law bulletin - Romania, Ukraine supplement to no. 69

Saved in:
Bibliographic Details
Format: Book
Language:English
Published: Paris OECD 2002
Series:Legal affairs
Subjects:
Tags: Add Tag
No Tags, Be the first to tag this record!

MARC

LEADER 00000nam a2200000 4500
001 c139949
005 20221221092159.6
020 |a 92-64-19810-5 
041 0 |a eng 
044 |a FR 
245 1 0 |a Nuclear law bulletin - Romania, Ukraine  |b supplement to no. 69 
264 1 |a Paris  |b OECD  |c 2002 
300 |a 17 s. 
490 1 |a Legal affairs 
830 0 |a Legal affairs 
610 2 0 |a právo atómové 
610 2 0 |a OECD 
610 2 0 |a svet 
610 2 0 |a Rumunsko 
610 2 0 |a Ukrajina 
610 2 0 |a bezpečnosť jadrová 
610 2 0 |a odškodnenie 
610 2 0 |a ochrana právna 
610 2 0 |a energia atómová 
610 2 0 |a úpravy právne